01228nam a22003137a 4500003000500000005001700005008004100022010001000063011001000073035001000083040000900093090001000102100003400112245007300146260004000219300003100259502008400290590003700374590004100411590004200452650002800494901000700522942000900529949004300538949005500581999001700636952013300653952012800786CHAP20220329141013.0971013s1996 r 00010 d a61149 a62121 a66295 cCHAP aTesis00aZarroca Ybarz, Diego.9123723 aDiagnóstico del sistema agroindustrial carne de equino en México aChapingo, Méx. :bEl autor,c1996 a132 h.b: ilus. ; gráfs. aTesis (Ing. Agroindustial) -- UACH. Departamento de Ingeniería Agroindustrial aALEPHb10c20130110lUCH01h1340 aBATCH-UPDb10c20130110lUCH01h0801 aCONVERSIONb10c20130109lUCH01h133314aCarne de equino.919153 aBK cFOLL bBCcTESd-151469eTS1h29377i66295si bBCcTESd33724000621686eTS2fc.2h29370i66295si c61149d61149 00102local4053708TESISaBCbBCcPA_TESISd2019-12-31fTESISl0p33724000621686r2019-12-31 00:00:00tc.2w2019-12-31yTESIS 00102local4051708TESISaBCbBCcPA_TESISd2019-12-31fTESISl0oTesisp-151469r2019-12-31 00:00:00w2019-12-31yTESIS